Quản trị sản xuất và tác nghiệp /
Bewaard in:
| Hoofdauteur: | |
|---|---|
| Formaat: | Sách giấy |
| Taal: | Vietnamese |
| Gepubliceerd in: |
Tp.HCM. :
Trường Đại học mở,
1994.
|
| Tags: |
Voeg label toe
Geen labels, Wees de eerste die dit record labelt!
|
| Thư viện lưu trữ: | Thư viện Trường Đại học Đà Lạt |
|---|
| LEADER | 00676nam a2200289 4500 | ||
|---|---|---|---|
| 001 | DLU140160986 | ||
| 005 | ##20140319 | ||
| 040 | # | # | |a DLU |b vie |
| 041 | # | # | |a vie |
| 044 | # | # | |a vn |
| 082 | # | # | |a 658.5 |b DA-T |
| 100 | # | # | |a Đặng Minh Trang, |c PTS.. |
| 245 | # | # | |a Quản trị sản xuất và tác nghiệp / |c Đặng Minh Trang |
| 260 | # | # | |a Tp.HCM. : |b Trường Đại học mở, |c 1994. |
| 300 | # | # | |a 224 tr. ; |c 23 cm. |
| 923 | # | # | |a TL |
| 991 | # | # | |a SH |
| 992 | # | # | |a 00 |
| 994 | # | # | |a DLU |
| 900 | # | # | |a True |
| 911 | # | # | |a Nguyễn Thị Tưởng |
| 925 | # | # | |a G |
| 926 | # | # | |a A |
| 927 | # | # | |a SH |
| 980 | # | # | |a Thư viện Trường Đại học Đà Lạt |